Public relations jako ovlivňování mínění
Public relations (PR) ako súbor aktivít, ktoré ovplyvňujú verejnú mienku. Masmédiá ako nástroj súčasného PR na prenos informácií. Aktívne PR a reaktívne PR. Práca komerčných PR agentúr.
Salvato in:
| Autore principale: | |
|---|---|
| Natura: | Capitolo di libro |
| Lingua: | ceco |
| Soggetti: | |
| Tags: |
Nessun Tag, puoi essere il primo ad aggiungerne!!
|
MARC
| LEADER | 00000naa$a2200000$$$4500 | ||
|---|---|---|---|
| 001 | 0052326 | ||
| 005 | 20231018130505.1 | ||
| 041 | 0 | |a cze | |
| 044 | |a CZ | ||
| 245 | 1 | 0 | |a Public relations jako ovlivňování mínění |c Jozef Ftorek |
| 520 | |a Public relations (PR) ako súbor aktivít, ktoré ovplyvňujú verejnú mienku. Masmédiá ako nástroj súčasného PR na prenos informácií. Aktívne PR a reaktívne PR. Práca komerčných PR agentúr. | ||
| 610 | 2 | 0 | |a práca s verejnosťou |
| 610 | 2 | 0 | |a komunikácia |
| 610 | 2 | 0 | |a informácie |
| 610 | 2 | 0 | |a médiá |
| 610 | 2 | 0 | |a propagácia |
| 610 | 2 | 0 | |a tlač |
| 610 | 2 | 0 | |a mienka verejná |
| 610 | 2 | 0 | |a agentúry |
| 100 | 1 | |a Ftorek, Jozef | |